000 00996nam a22002537a 4500
005 2011080406576.0
008 090728t xxu||||| |||| 00| 0 pun d
010 _aPUN-7011
020 _c35.00
_a9788123760537
035 _aPN-6129
037 _bDBAD / PUB
040 _adpl
_bpn
082 _a
100 _924414
_aਸਵਾਮੀ, ਮੀਨਾਕਸ਼ੀ
245 _aਕਿਉਂ ? /
_cਮੀਨਾਕਸ਼ੀ ਸਵਾਮੀ, ਰਣਜੋਧ ਸਿੰਘ ਦ੍ਵਾਰਾ ਅਨੁਦਿਤ
246 _aKyon
_bby Meenakshi Swami
260 _aNew Delhi
_bNational Book Trust
_c2011
270 _aNehru Bhawan,5 , Instiutional Area Phase-2, Vasant Kunj,
_bNew Delhi
_e110070
300 4 _a26ਸਫੇ.
_c24ਸੇਂਮੀ (ਅਜਿਲੱਦ)
600 _931401
650 _924431
942 _2ddc
_cPN
_h
_mਸਵਾਮੀ
999 _c55712
_d55712